Normal view
MARC view
Entry Personal Name
001 - CONTROL NUMBER
- control field: 1165495
003 - CONTROL NUMBER IDENTIFIER
- control field: OSt
005 - DATE AND TIME OF LATEST TRANSACTION
- control field: 20260324122208.0
008 - FIXED-LENGTH DATA ELEMENTS
- fixed length control field: 260324|| aca||aabn | a|a d
040 ## - CATALOGING SOURCE
- Original cataloging agency: OSt
- Transcribing agency: OSt
100 ## - HEADING--PERSONAL NAME
- Personal name: Catherine Watts; Clare Forder
670 ## - SOURCE DATA FOUND
- Source citation: Work cat.: (OSt)1758045: Catherine Watts; Clare Forder, Living Languages: An Integrated Approach to Teaching Foreign Languages in Secondary Schools
